Все лауреаты премии "Оскар" в номинации "лучший анимационный фильм" - Statistics

General Stats
  • This quiz has been taken 9 times
  • The average score is 14 of 25
Answer Stats
Год Страна(-ы) Режиссёр(-ы) Мультфильм % Correct
2003 Япония Хаяо Миядзаки "Унесённые призраками"
88%
2002 США Эндрю Адамсон, Вики Дженсон "Шрек"
75%
2014 США Крис Бак, Дженнифер Ли "Холодное сердце"
75%
2017 США Байрон Ховард, Рич Мур, Джаред Буш "Зверополис"
75%
2004 США Эндрю Стэнтон "В поисках Немо"
63%
2008 США Брэд Бёрд "Рататуй"
63%
2009 США Эндрю Стэнтон "ВАЛЛ-И"
63%
2016 США Пит Доктер "Головоломка"
63%
2018 США Ли Анкрич, Эдриан Молина "Тайна Коко"
63%
2023 США, Мексика Гильермо дель Торо "Пиноккио"
63%
2024 Япония Хаяо Миядзаки "Мальчик и птица"
63%
2005 США Брэд Бёрд "Суперсемейка"
50%
2010 США Пит Доктер "Вверх"
50%
2011 США Ли Анкрич "История игрушек: Большой побег"
50%
2012 США Гор Вербински "Ранго"
50%
2015 США Дон Холл, Крис Уильямс "Город героев"
50%
2019 США Питер Рэмси, Родни Ротман, Боб Персичетти "Человек-паук: Через вселенные"
50%
2021 США Пит Доктер "Душа"
50%
2022 США Байрон Ховард, Джаред Буш "Энканто"
50%
2025 Латвия, Франция, Бельгия Гинтс Зилбалодис, Матисс Кажа, Рон Дайенс "Поток"
50%
2026 США Мэгги Кан, Крис Аппельханс "Кейпоп-охотницы на демонов"
50%
2020 США Джош Кули "История игрушек 4"
50%
2006 Великобритания, США Ник Парк, Стив Бокс "Уоллес и Громит: Проклятие кролика-оборотня"
38%
2007 Австралия, США Джордж Миллер "Делай ноги"
38%
2013 США Марк Эндрюс, Бренда Чепмен "Храбрая сердцем"
38%
No matching quizzes found
Score Distribution
Percent of People with Each Score
Percentile by Number Answered
Your Score History
You have not taken this quiz